000 00428cam a2200181 4500
001 D14512
008 090401t1953 xxu||||| |||| 00| 0 eng d
035 _a(Sirsi) u16141
041 _aeng
100 _aWood, Leslie S.
245 4 _aThe principles and practice of farm valuations
250 _a6th
260 _aLondon
_bEstates Gazette
_c1953
350 _a0
520 _aShelf 137
942 _n0
948 _c04/03/1997
999 _c87380
_d87380